00543 2200193 4500001002100000005001500021035002500036245010500061260003000166300002100196008004100217082001200258084001200270650001200282040001700294090001400311990001200325990001200337YOGYA00000000002572720220812105153 a0010-0814000000254451 aCopermicus atau rahasia-rahasia langit :bbersama riwayat Giordano Bruno, Galilei, Kepler dan Newton31aJakarta :bBalai Poestaka a32 hlm. ;c18 cm220812b jki g ind u04223a925 a925 COP 4aIlmuwan aYOPDYOGbind aL 925 COP a40514-A a40514-A